000 03819cam a22006015i 4500
001 21677164
003 NUST
005 20230413094650.0
006 m |o d |
007 cr |||||||||||
008 180430s2018 si |||| o |||| 0|eng
010 _a 2019745063
020 _a9789811087790
024 7 _a10.1007/978-981-10-8779-0
_2doi
035 _a(DE-He213)978-981-10-8779-0
040 _aDLC
_beng
_epn
_erda
_cDLC
072 7 _aRBGK
_2thema
072 7 _aRBP
_2bicssc
072 7 _aRBP
_2thema
072 7 _aSCI042000
_2bisacsh
082 0 4 _a624.15
_223
_bMAI
100 1 _aMaity, Rajib.
_eauthor.
_990728
245 1 0 _aStatistical Methods in Hydrology and Hydroclimatology /
_cby Rajib Maity.
250 _a1st ed. 2018.
264 1 _aSingapore :
_bSpringer Singapore :
_bImprint: Springer,
_c2018.
300 _a1 online resource (XVII, 444 pages 52 illustrations, 20 illustrations in color.)
336 _atext
_btxt
_2rdacontent
337 _acomputer
_bc
_2rdamedia
338 _aonline resource
_bcr
_2rdacarrier
347 _atext file
_bPDF
_2rda
490 1 _aSpringer Transactions in Civil and Environmental Engineering,
_x2363-7633
505 0 _aIntroduction -- Basic concepts of Probability and Statistics -- Basic Statistical Properties of Data -- Probability Distributions and Their Applications -- Frequency Analysis, Risk and Uncertainty in Hydroclimatic Analysis -- Hypothesis Testing -- Regression Analysis and Curve fitting -- Multivariate Analysis -- Time Series Analysis -- Theory of Copula in Hydrology and Hydroclimatology.
520 _aThis book focuses on the application of statistical methods in the field of hydrology and hydroclimatology. Among the latest theories being used in these fields, the book introduces the theory of copulas and its applications in this context. The purpose is to develop an understanding and illustrate the usefulness of the statistical techniques with detailed theory and numerous worked out examples. Apart from this, MATLAB-based codes and solutions of some worked out examples are also provided to assist the readers to handle real life data. This book presents a comprehensive knowledge of statistical techniques combining the basics of probability and the current advances in stochastic hydrology. Besides serving as a textbook for graduate courses on stochastic modeling in hydrology and related disciplines, the book offers valuable resources for researchers and professionals involved in the field of hydrology and climatology.
588 _aDescription based on publisher-supplied MARC data.
650 0 _aClimatology.
_92246
650 0 _aEngineering geology.
650 0 _aEngineering-Geology.
650 0 _aFoundations.
_9892
650 0 _aHydraulics.
650 0 _aHydrology.
650 0 _aStatistics.
_969
650 1 4 _aGeoengineering, Foundations, Hydraulics.
_0https://scigraph.springernature.com/ontologies/product-market-codes/T23020
_951848
650 2 4 _aClimatology.
_0https://scigraph.springernature.com/ontologies/product-market-codes/311000
_92246
650 2 4 _aHydrology/Water Resources.
_0https://scigraph.springernature.com/ontologies/product-market-codes/211000
_930255
650 2 4 _aStatistics for Engineering, Physics, Computer Science, Chemistry and Earth Sciences.
_0https://scigraph.springernature.com/ontologies/product-market-codes/S17020
_9111870
776 0 8 _iPrint version:
_tStatistical methods in hydrology and hydroclimatology.
_z9789811087783
_w(DLC) 2018934932
776 0 8 _iPrinted edition:
_z9789811087783
776 0 8 _iPrinted edition:
_z9789811087806
776 0 8 _iPrinted edition:
_z9789811342370
830 0 _aSpringer Transactions in Civil and Environmental Engineering,
_x2363-7633
_930414
906 _a0
_bibc
_corigres
_du
_encip
_f20
_gy-gencatlg
942 _2ddc
_cBK
999 _c594494
_d594494